| 000 | 01342 a2200265 4500 | ||
|---|---|---|---|
| 003 | Nust | ||
| 005 | 20170207154318.0 | ||
| 010 | _a 2008277110 | ||
| 020 | _a9780470128725 | ||
| 020 | _a9780470279939 (pbk. : alk. paper) | ||
| 040 | _cNust | ||
| 082 | 0 | 0 | _a005.43 |
| 100 | 1 | _aSilberschatz, Abraham. | |
| 245 | 1 | 0 |
_aOperating system concepts (EBOOK) _cAbraham Silberschatz, Peter Baer Galvin, Greg Gagne. |
| 250 | _a8th ed. | ||
| 260 |
_aHoboken, NJ : _bJ. Wiley & Sons, _cc2009. |
||
| 300 |
_axx, 972 p. : _bill. ; _c26 cm. |
||
| 505 | _aPART ONE: - OVERVIEW (Page-29) PART TWO: - PROCESS MANAGEMENT (Page-101) PART THREE:-PROCESS COORDINATION (Page-225) PART FOUR: - MEMORY MANAGEMENT (Page-315) PART FIVE: - STORAGE MANAGEMENT (Page-421) PART SIX:- PROTECTION AND SECURITY (Page-591) PART SEVEN:-DISTRIBUTED SYSTEMS (Page-673) PART EIGHT:- SPECIAL PURPOSE SYSTEMS (Page-759) PART NINE:- CASE STUDIES (Page-801) | ||
| 650 | 0 | _aOperating systems (Computers) | |
| 700 | 1 | _aGagne, Greg. | |
| 700 | 1 | _aGalvin, Peter B. | |
| 856 | 4 | 2 |
_3Contributor biographical information _uhttp://www.loc.gov/catdir/enhancements/fy0838/2008277110-b.html |
| 856 | 4 | 2 |
_3Publisher description _uhttp://www.loc.gov/catdir/enhancements/fy0838/2008277110-d.html |
| 856 | 4 | 2 |
_3Table of contents only _uhttp://www.loc.gov/catdir/enhancements/fy0838/2008277110-t.html |
| 942 |
_2ddc _cBK |
||
| 999 |
_c196643 _d196643 |
||